ბათუმის შოთა რუსთაველის სახელმწიფო უნივერსიტეტის ბიბლიოთეკა

Всеобщая история государства и права (ბიბ.ჩანაწერი № 36107)

000 -LEADER
fixed length control field 00701nam a2200241Ia 4500
001 - CONTROL NUMBER
control field 2007
003 - CONTROL NUMBER IDENTIFIER
control field GE_BSU
008 - FIXED-LENGTH DATA ELEMENTS--GENERAL INFORMATION
fixed length control field 181216s||||||||xx |||||||||||||| ||und||
020 ## - INTERNATIONAL STANDARD BOOK NUMBER
International Standard Book Number 985489195Х
040 ## - CATALOGING SOURCE
Transcribing agency GE_BSU
080 ## - UNIVERSAL DECIMAL CLASSIFICATION NUMBER
Universal Decimal Classification number 340.1(075.8)
100 ## - MAIN ENTRY--PERSONAL NAME
Personal name Тагунов,Д.Е.
245 ## - TITLE STATEMENT
Title Всеобщая история государства и права
245 ## - TITLE STATEMENT
Remainder of title Учебное пособие для вузов
260 ## - PUBLICATION, DISTRIBUTION, ETC.
Place of publication, distribution, etc. Минск
260 ## - PUBLICATION, DISTRIBUTION, ETC.
Name of publisher, distributor, etc. Книжный двор
260 ## - PUBLICATION, DISTRIBUTION, ETC.
Date of publication, distribution, etc. 2005
300 ## - PHYSICAL DESCRIPTION
Extent 400стр.
653 ## - INDEX TERM--UNCONTROLLED
Uncontrolled term Всеобщая история государства и права
653 ## - INDEX TERM--UNCONTROLLED
Uncontrolled term История
653 ## - INDEX TERM--UNCONTROLLED
Uncontrolled term ისტორია
942 ## - ADDED ENTRY ELEMENTS (KOHA)
Koha item type წიგნი
ეგზემპლარები
Withdrawn status Lost status Damaged status Not for loan Date acquired Barcode Date last seen Price effective from Koha item type
        2018-12-17 3823 2018-12-17 2018-12-17 წიგნი